Państwa Świata po zdjęciu stolicy - Statystyki

Ogólne statystyki
  • Ten quiz został rozwiązany 38 razy
  • Średni wynik to 11 z 28
Statystyki odpowiedzi
Obrazkowy Odpowiedź % Poprawnych
Polska
100%
Wielka Brytania
100%
Niemcy
91%
Rosja
79%
Włochy
79%
Zjednoczone Emiraty Arabskie
79%
Francja
76%
Czechy
74%
Japonia
68%
Dania
62%
Stany Zjednoczone
59%
Singapur
44%
Hiszpania
26%
Indie
24%
Kanada
24%
Korea Południowa
21%
Republika Południowej Afryki
21%
Serbia
21%
Arabia Saudyjska
18%
Chiny
18%
Argentyna
15%
Egipt
12%
Chile
9%
Honduras
6%
Nowa Zelandia
6%
Palau
6%
Wybrzeże Kości Słoniowej
6%
Nigeria
3%
Nie znaleziono quizów pasujących do podanych kryteriów
Rozkład punktacji
Procent ludzi z każdym wynikiem
Percentyl według liczby udzielonych odpowiedzi
Twoja historia wyników
Nie rozwiązałeś tego quizu